Eläimiä lähikuvien mukaan - Statistics

Yleistilastot
  • Tätä visaa on pelattu 1 189 kertaa
  • Keskiarvotulos 12 / 16
Vastaustilastot
Kuvavisa Vastaus % Oikein
Tiikeri
100%
Isopanda
98%
Kirahvi
97%
Seepra
97%
Keisaripingviini
94%
Leppäkerttu
94%
Riikinkukko
93%
Jaguaari
89%
Monarkkiperhonen
85%
Haisunäätä
71%
Kobra
67%
Miekkavalas
55%
Vyötiäinen
50%
Kalkkuna
45%
Vuokkokala
40%
Mustaleski
22%
Ehtoja vastaavia visoja ei löytynyt
Tulosjakauma
Jokaisen tuloksen saaneiden osuus
Persentiili vastausten määrän mukaan
Tuloshistoriasi
Et ole pelannut tätä visaa